|
|
|
|
| LEADER |
00000naa2a2200000 4500 |
| 001 |
457518 |
| 005 |
20231101084828.0 |
| 035 |
|
|
|a (RuTPU)RU\TPU\prd\120928
|
| 035 |
|
|
|a RU\TPU\prd\8808
|
| 090 |
|
|
|a 457518
|
| 100 |
|
|
|a 20110921a2002 k y0rusy50 ca
|
| 101 |
0 |
|
|a rus
|
| 102 |
|
|
|a RU
|
| 200 |
1 |
|
|a Пример, демострирующий возможности и особенности вариационного подхода к задачам электростатики
|f В. П. Казанцев
|
| 225 |
1 |
|
|a Методические заметки
|
| 320 |
|
|
|a Библиогр.: 15 назв.
|
| 461 |
|
1 |
|0 (RuTPU)RU\TPU\prd\399
|x 0042-1294
|t Успехи физических наук
|f Российская академия наук (РАН)
|d 1920-
|
| 463 |
|
1 |
|0 (RuTPU)RU\TPU\prd\120922
|t Т. 172, вып. 3
|v С. 357-362
|d 2002
|
| 610 |
1 |
|
|a электростатика
|
| 610 |
1 |
|
|a теория звука
|
| 700 |
|
1 |
|a Казанцев
|b В. П.
|
| 801 |
|
1 |
|a RU
|b 63413507
|c 20021202
|g PSBO
|
| 801 |
|
2 |
|a RU
|b 63413507
|c 20110921
|g RCR
|
| 942 |
|
|
|c BK
|